Tesoro breve de las letras hispánicas: serie castellana

Uloženo v:
Podrobná bibliografie
Hlavní autor: Díaz-Plaja, Guillermo (Autor)
Médium: Kniha
Jazyk:španělština
Vydáno: Madrid Magisterio Español 1978
Vydání:3a. ed
Edice:Novelas y Cuentos
Témata:
Tagy: Přidat tag
Žádné tagy, Buďte první, kdo vytvoří štítek k tomuto záznamu!

MARC

LEADER 00000nam a2200000 a 4500
001 UCT7698
003 CL-VaPUC
008 970123e19780000SP |||||||||||||||||spa|d
082 0 4 |a 860.9  |b DIA  |2 21 
100 0 |a Díaz-Plaja, Guillermo  |e author  |9 376957 
245 1 0 |a Tesoro breve de las letras hispánicas: serie castellana 
250 |a 3a. ed 
300 |a v 
942 |c BK 
945 |d 19970123 00:00:00  |a rleighto 
260 |a Madrid  |b Magisterio Español  |c 1978 
500 |a v.1: De las Jarchas a Juan del Encina 
500 |a v.2: De la Celestina a Cervantes 
600 0 7 |a BERCEO, GONZALO DE  |2 CL-VaPUC  |9 308429 
600 0 7 |a RUIZ, JUAN  |2 CL-VaPUC  |9 321708 
600 0 7 |a JUAN MANUEL  |2 CL-VaPUC  |9 318804 
600 0 7 |a LEON, FRAY LUIS DE  |2 CL-VaPUC  |9 255943 
600 0 7 |a VEGA, LOPE DE  |2 CL-VaPUC  |9 319628 
600 0 7 |a RUEDA, LOPE DE  |2 CL-VaPUC  |9 374350 
600 0 |a Cervantes y Saavedra, Miguel de  |9 267947 
650 0 |a Literatura española  |9 306261 
650 0 |a Poesía española  |9 264938 
650 0 |a Teatro español  |9 265077 
650 7 |a NOVELA PICARESCA ESPAÑOLA  |2 CL-VaPUC  |9 315849 
650 0 |a Poesía épica española  |9 268761 
650 0 |a Crítica literaria   |9 269189 
650 0 |a Crítica e interpretación   |9 255042 
583 |a last modification  |c 20120620 11:10:01  |k Rodrigo Vera 
490 0 |a Novelas y Cuentos 
999 |c 256246  |d 256244 
952 |0 0  |1 0  |4 0  |6 860_900000000000000_DIA_1978  |7 0  |8 A  |9 278888  |a BIBEDU  |b BIBEDU  |d 2019-11-19  |h v.1  |i 327067K  |o 860.9 DIA 1978  |p 327067K  |r 2019-11-19  |w 2019-11-19  |y BK  |k LIT 
952 |0 0  |1 0  |4 0  |6 860_900000000000000_DIA_1978  |7 0  |8 A  |9 278889  |a BIBEDU  |b BIBEDU  |d 2019-11-19  |h v.2  |i 3270688  |o 860.9 DIA 1978  |p 3270688  |r 2019-11-19  |w 2019-11-19  |y BK  |k LIT